Central Library OPAC University of Rajshahi

The logic of empirical theories / (Record no. 28893)

MARC details
000 -LEADER
fixed length control field 00753nam a2200277 4500
001 - CONTROL NUMBER
control field 28893
003 - CONTROL NUMBER IDENTIFIER
rucl marc code BD-RjUL
005 - DATE AND TIME OF LATEST TRANSACTION
control field 20211209051338.0
008 - FIXED-LENGTH DATA ELEMENTS--GENERAL INFORMATION
fixed length control field 140401s1969 enk b 000 0 eng
020 ## - INTERNATIONAL STANDARD BOOK NUMBER
International Standard Book Number 0710062303
035 ## - SYSTEM CONTROL NUMBER
System control number (BD-RjUL)28977
040 ## - CATALOGING SOURCE
Original cataloging agency DLC
Transcribing agency DLC
Modifying agency BD-RjUL
Language of cataloging eng
041 ## - LANGUAGE CODE
Language code of text/sound track or separate title eng
082 00 - DEWEY DECIMAL CLASSIFICATION NUMBER
Classification number 160
Author mark and year PRL 1969
100 1# - MAIN ENTRY--PERSONAL NAME
Personal name Przelecki, Marian.
9 (RLIN) 88336
245 14 - TITLE STATEMENT
Title The logic of empirical theories /
Statement of responsibility, etc. Marian Przelecki
260 ## - PUBLICATION, DISTRIBUTION, ETC. (IMPRINT)
Place of publication, distribution, etc. London :
Name of publisher, distributor, etc. Routledge & K. Paul,
Date of publication, distribution, etc. c1969.
300 ## - PHYSICAL DESCRIPTION
Pagination v, 108 p. ;
Size 19 cm.
490 0# - SERIES STATEMENT
Series statement Monographs in modern logic series
504 ## - BIBLIOGRAPHY, ETC. NOTE
Bibliography, etc Include bibliography.
650 #0 - SUBJECT ADDED ENTRY--TOPICAL TERM
Topical term or geographic name as entry element Logic.
9 (RLIN) 88337
Topical term or geographic name as entry element Empiricism.
9 (RLIN) 88338
942 ## - ADDED ENTRY ELEMENTS (KOHA)
Source of classification or shelving scheme Dewey Decimal Classification
Koha item type Books
Holdings
Lost status Source of classification or shelving scheme Damaged status Not for loan Collection code Permanent Location Current Location Shelving location Date acquired Source of acquisition Cost, normal purchase price Total Checkouts Full call number Date last seen Copy number Koha item type
  Dewey Decimal Classification     Non-fiction Central Library, University of Rajshahi Central Library, University of Rajshahi   09/06/1975 Jonathan 1.75   160 PRL 1969 01/04/2014 C-3 Books
  Dewey Decimal Classification     Non-fiction Central Library, University of Rajshahi Central Library, University of Rajshahi   09/06/1975 Jonathan 1.75   160 PRL 1969 01/04/2014 C-4 Books
  Dewey Decimal Classification   Added to bundle Non-fiction Central Library, University of Rajshahi Central Library, University of Rajshahi Reading Room 04/09/1970 Zeitlinger 30.00   160 PRL 1969 02/04/2014 C-1 Books
  Dewey Decimal Classification     Non-fiction Central Library, University of Rajshahi Central Library, University of Rajshahi   04/09/1970 Zeitlinger 30.00   160 PRL 1969 02/04/2014 C-2 Books
  Dewey Decimal Classification     Non-fiction Central Library, University of Rajshahi Central Library, University of Rajshahi   09/06/1975 Jonathan ware and com. 1.75   160 PRL 1969 02/04/2014 C-5 Books